Encyclopedia of new religious movements (Record no. 4668)

MARC details
000 -LEADER
fixed length control field 00359nam a2200145Ia 4500
020 ## - INTERNATIONAL STANDARD BOOK NUMBER
ISBN 0-415-26707-2
082 ## - DEWEY DECIMAL CLASSIFICATION NUMBER
Classification number RR 200.3 ENC-
245 #0 - TITLE STATEMENT
Title Encyclopedia of new religious movements
260 ## - PUBLICATION, DISTRIBUTION, ETC. (IMPRINT)
Place of publication London
Name of publisher Routledge
Year of publication 2006
300 ## - PHYSICAL DESCRIPTION
Number of Pages xxxii, 686
504 ## - BIBLIOGRAPHY, ETC. NOTE
Bibliography, etc includes index
650 ## - SUBJECT ADDED ENTRY--TOPICAL TERM
Topical Term Religion
Form subdivision Encyclopedias
700 ## - ADDED ENTRY--PERSONAL NAME
Personal name Clarke, Peter B.
942 ## - ADDED ENTRY ELEMENTS (KOHA)
Koha item type Books
Holdings
Withdrawn status Lost status Damaged status Not for loan Home library Current library Date acquired Source of acquisition Bill Date Full call number Accession Number Price effective from Koha item type
        NASSDOC Library NASSDOC Library 27/02/2006 VIBHA 2006-01-04 RR 200.3 ENC- 41390 18/04/2019 Books